000 00930nam a22002897a 4500
001 BR2014003138
003 BR-BrBNA
005 20230928104439.0
007 ta
008 230509b bl.||||| |||| 00| 0 por d
040 _aBR-BrBNA
_bpor
_cBiblioteca Nacional de Agricultura
041 _a(Por)
072 _aE14
090 _ E14 BR2014003138
100 1 _aGuebara, S. (ed.)
110 1 _aGrupo de Trabalho da Pecuária Sustentável, São Paulo, SP (Brasil)
_95452
111 1 _a4. Seminário Interno do Grupo de Trabalho da Pecuária Sustentável
_cSão Paulo, SP (Brazil)
_d29 Nov 2012
245 1 _aCaminhos para a sustentabilidade na pecuária
260 3 _aSão Paulo, SP (Brasil):
_c2012.
300 _a40 p.
500 _a27 illus.; 20 tables
650 _aDESENVOLVIMENTO SUSTENTÁVEL
650 _aPECUÁRIA
650 _aAGRICULTURA SUSTENTÁVEL
909 _a202309
_bLucia
_c55
_dLucia Elande
942 _cBK
999 _c79963
_d79963